000 00697nam a2200289Ia 4500
005 20260324132412.0
008 008 260324s9999 xx 000 0 eng d
020 _a9781315085807
037 _aEBOOK
040 _aCRL
040 _beng
040 _cCRL
041 _2eng
041 _aeng
084 _qCRL
100 _aJaneW. Davidson
_91189146
245 4 _aThe Music Practitioner
245 0 _bResearch for the Music Performer, Teacher and Listener
260 _bTaylor and Francis
260 _c2004
365 _a
365 _b230
856 _uhttp://www.taylorfrancis.com/books/9781315085807
942 _cEBOOK
999 _c1787228
_d1787228